Spell the Marvel Hero #13 - Statistics

General Stats
  • This quiz has been taken 22 times
  • The average score is 3 of 5
Answer Stats
Picture Answer % Correct
Ant-Man
100%
Bishop
70%
Ulysses Bloodstone
50%
Zabu
45%
Zuras
35%
No matching quizzes found
Score Distribution
Percent of People with Each Score
Percentile by Number Answered
Your Score History
You have not taken this quiz